000 00561nmm a2200169Ia 4500
008 251105s9999||||xx |||||||||||||||||und||
020 _a9789587385427
041 _aspa
100 _aTapias Hernández, César Augusto
245 0 _aHistorias de familia : Etnografía delirante sobre el amor, la violencia y las drogas
264 _a[Bogotá, Colombia] :
_bUniversidad del Rosario,
_c2015
300 _a174 páginas
490 _aTextos de Ciencias Humanas
650 _aSociology
856 _uhttps://public.digitaliapublishing.com/a/46507
942 _cCF
999 _c95805
_d95805